International Symposium on Rehabilition of Tropical Rainforest Ecosystems $b Research and Development Priorities : Proceedings

Bibliographic Details
Corporate Authors: INTERNATIONAL Symposium on Rehabilitaion of Tropical Rainforest Ecosystems : Research and Development Priorities, Sarawak, Universiti Pertanian Malaysia, Yokohama National University
Other Authors: Nik Muhamad Majid
Format: Book
Published: Serdang, Selangor : Faculty of Forestry, Universiti Pertanian Malaysia , [1992]
Subjects:

MARC

LEADER 00000cam a2200000 7i4500
001 0000001049
005 20011210.0
090 0 0 |a 634.909595   |b INT 1992 
110 1 0 |a INTERNATIONAL Symposium on Rehabilitaion of Tropical Rainforest Ecosystems : Research and Development Priorities   |k 1992   |j Kuching 
245 1 0 |a International Symposium on Rehabilition of Tropical Rainforest Ecosystems $b Research and Development Priorities :   |b Proceedings   |c editors Nik Muhamad Majid ... [et al.]   |f Ministry of Resource Planning, Sarawak, Universiti Pertanian Malaysia, Yokohama National University, Japan 
260 0 0 |a Serdang, Selangor :   |b Faculty of Forestry, Universiti Pertanian Malaysia ,   |c [1992] 
300 |a vii, 305 p. ;   |c 26 cm. 
650 0 0 |a Forest reserves   |z Malaysia   |x Congresses 
650 0 0 |a Rain forest ecology   |z Malaysia   |x Congresses 
700 0 1 |a Nik Muhamad Majid 
710 1 1 |a Sarawak ,   |c Kementerian Perancangan Sumber 
710 1 1 |a Universiti Pertanian Malaysia 
710 1 1 |a Yokohama National University 
998 |a JPSM 
999 |a 0000000144   |b Monograph   |c Open Shelf   |e Default branch 
999 |a 0000002831   |b Monograph   |c Open Shelf   |e Default branch